<?xml version="1.0" encoding="UTF-8"?>
<collection xmlns="http://www.loc.gov/MARC21/slim">
 <record>
  <leader>01957nam a22002777a 4500</leader>
  <controlfield tag="001">NCT_149757</controlfield>
  <controlfield tag="008">230525b        xxu||||| |||| 00| 0 vie d</controlfield>
  <datafield tag="999" ind1=" " ind2=" ">
   <subfield code="c">7724</subfield>
   <subfield code="d">7724</subfield>
  </datafield>
  <datafield tag="020" ind1=" " ind2=" ">
   <subfield code="a">9786049089800</subfield>
   <subfield code="c">150000</subfield>
  </datafield>
  <datafield tag="082" ind1="0" ind2="4">
   <subfield code="2">23rd ed.</subfield>
   <subfield code="a">153.4</subfield>
   <subfield code="b">S550R</subfield>
  </datafield>
  <datafield tag="100" ind1="1" ind2=" ">
   <subfield code="a">Piaget, Jean</subfield>
  </datafield>
  <datafield tag="245" ind1="1" ind2="0">
   <subfield code="a">Sự ra đời trí khôn ở trẻ em</subfield>
   <subfield code="c">Jean Piaget; Hoàng Hưng (Dịch)</subfield>
  </datafield>
  <datafield tag="250" ind1=" " ind2=" ">
   <subfield code="a">Tái bản lần thứ 3</subfield>
  </datafield>
  <datafield tag="260" ind1=" " ind2=" ">
   <subfield code="a">H.</subfield>
   <subfield code="b">Tri Thức</subfield>
   <subfield code="c">c2017</subfield>
  </datafield>
  <datafield tag="300" ind1=" " ind2=" ">
   <subfield code="a">515 tr.</subfield>
   <subfield code="c">24cm</subfield>
  </datafield>
  <datafield tag="490" ind1="0" ind2=" ">
   <subfield code="a">Tủ sách tâm lý học giá dục cánh buồm</subfield>
  </datafield>
  <datafield tag="520" ind1="3" ind2=" ">
   <subfield code="a">Nội dung sách nêu rõ các giai đoạn phát triển mà bất kỳ con người nào cũng phải đi qua. Trí khôn ban đầu mang tính cảm giác-vận động (táy máy đồ vật) dần dần được &quot;chuyển vào bên trong tâm lý&quot; và chuyển dần thành tư duy ban đầu thì cụ thể, sau càng lúc càng trừu tượng cho tới khi hoàn toàn trừu tượng.</subfield>
  </datafield>
  <datafield tag="653" ind1=" " ind2=" ">
   <subfield code="a">Tham khảo</subfield>
  </datafield>
  <datafield tag="700" ind1="1" ind2=" ">
   <subfield code="a">Hoàng Hưng</subfield>
   <subfield code="e">Dịch</subfield>
  </datafield>
  <datafield tag="942" ind1=" " ind2=" ">
   <subfield code="2">ddc</subfield>
   <subfield code="c">BK</subfield>
  </datafield>
  <datafield tag="952" ind1=" " ind2=" ">
   <subfield code="0">0</subfield>
   <subfield code="1">0</subfield>
   <subfield code="2">ddc</subfield>
   <subfield code="4">0</subfield>
   <subfield code="6">153_400000000000000_S550R</subfield>
   <subfield code="7">0</subfield>
   <subfield code="9">27610</subfield>
   <subfield code="a">000001</subfield>
   <subfield code="b">000001</subfield>
   <subfield code="d">2023-05-25</subfield>
   <subfield code="o">153.4 S550R</subfield>
   <subfield code="p">MD.09266</subfield>
   <subfield code="r">2023-05-25</subfield>
   <subfield code="v">150000.00</subfield>
   <subfield code="w">2023-05-25</subfield>
   <subfield code="y">BK</subfield>
  </datafield>
  <datafield tag="952" ind1=" " ind2=" ">
   <subfield code="0">0</subfield>
   <subfield code="1">0</subfield>
   <subfield code="2">ddc</subfield>
   <subfield code="4">0</subfield>
   <subfield code="6">153_400000000000000_S550R</subfield>
   <subfield code="7">0</subfield>
   <subfield code="9">27611</subfield>
   <subfield code="a">000001</subfield>
   <subfield code="b">000001</subfield>
   <subfield code="d">2023-05-25</subfield>
   <subfield code="o">153.4 S550R</subfield>
   <subfield code="p">MD.09267</subfield>
   <subfield code="r">2023-05-25</subfield>
   <subfield code="v">150000.00</subfield>
   <subfield code="w">2023-05-25</subfield>
   <subfield code="y">BK</subfield>
  </datafield>
  <datafield tag="952" ind1=" " ind2=" ">
   <subfield code="0">0</subfield>
   <subfield code="1">0</subfield>
   <subfield code="2">ddc</subfield>
   <subfield code="4">0</subfield>
   <subfield code="6">153_400000000000000_S550R</subfield>
   <subfield code="7">0</subfield>
   <subfield code="9">27612</subfield>
   <subfield code="a">000001</subfield>
   <subfield code="b">000001</subfield>
   <subfield code="d">2023-05-25</subfield>
   <subfield code="o">153.4 S550R</subfield>
   <subfield code="p">MD.09268</subfield>
   <subfield code="r">2023-05-25</subfield>
   <subfield code="v">150000.00</subfield>
   <subfield code="w">2023-05-25</subfield>
   <subfield code="y">BK</subfield>
  </datafield>
  <datafield tag="952" ind1=" " ind2=" ">
   <subfield code="0">0</subfield>
   <subfield code="1">0</subfield>
   <subfield code="2">ddc</subfield>
   <subfield code="4">0</subfield>
   <subfield code="6">153_400000000000000_S550R</subfield>
   <subfield code="7">0</subfield>
   <subfield code="9">27613</subfield>
   <subfield code="a">000001</subfield>
   <subfield code="b">000001</subfield>
   <subfield code="d">2023-05-25</subfield>
   <subfield code="o">153.4 S550R</subfield>
   <subfield code="p">MD.09269</subfield>
   <subfield code="r">2023-05-25</subfield>
   <subfield code="v">150000.00</subfield>
   <subfield code="w">2023-05-25</subfield>
   <subfield code="y">BK</subfield>
  </datafield>
  <datafield tag="952" ind1=" " ind2=" ">
   <subfield code="0">0</subfield>
   <subfield code="1">0</subfield>
   <subfield code="2">ddc</subfield>
   <subfield code="4">0</subfield>
   <subfield code="6">153_400000000000000_S550R</subfield>
   <subfield code="7">0</subfield>
   <subfield code="9">27614</subfield>
   <subfield code="a">000001</subfield>
   <subfield code="b">000001</subfield>
   <subfield code="d">2023-05-25</subfield>
   <subfield code="o">153.4 S550R</subfield>
   <subfield code="p">MD.09270</subfield>
   <subfield code="r">2023-05-25</subfield>
   <subfield code="v">150000.00</subfield>
   <subfield code="w">2023-05-25</subfield>
   <subfield code="y">BK</subfield>
  </datafield>
  <datafield tag="980" ind1=" " ind2=" ">
   <subfield code="a">Thư viện Trường Đại học Nam Cần Thơ</subfield>
  </datafield>
 </record>
</collection>
